[Event "Madrid-chT Honor 2122"]
[Site "Madrid"]
[Date "2022.02.20"]
[Round "10.6"]
[White "Baldus Martin, Juan"]
[Black "Martinez Aragon, Aitor"]
[Result "1-0"]
[WhiteElo "1998"]
[BlackElo "1996"]
[PlyCount "87"]
[EventDate "2021.11.27"]
[EventType "team-tourn"]
[EventRounds "14"]
[EventCountry "ESP"]
[SourceTitle "EXT 2024"]
[Source "ChessBase"]
[SourceDate "2023.10.10"]
[SourceVersion "1"]
[SourceVersionDate "2023.10.10"]
[SourceQuality "1"]
[WhiteTeam "La Didactica"]
[BlackTeam "Tajamar"]
[WhiteTeamCountry "ESP"]
[BlackTeamCountry "ESP"]

1. d4 Nf6 2. c4 e6 3. Nf3 Bb4+ 4. Nbd2 d6 5. a3 Bxd2+ 6. Qxd2 b6 7. e3 Bb7 8. Be2 Nbd7 9. 0-0 0-0 10. b4 Ne4 11. Qc2 f5 12. Bb2 Qe7 13. Rad1 Rae8 14. Ne1 Qg5 15. Bc1 Qg6 16. f3 Ng5 17. Qa4 Nf6 18. Qxa7 Rb8 19. Qa4 h5 20. Qc2 h4 21. c5 e5 22. dxe5 dxe5 23. Qc4+ Nf7 24. Qxh4 bxc5 25. bxc5 e4 26. Qg3 Qh6 27. Bc4 Rbc8 28. Nc2 exf3 29. gxf3 f4 30. exf4 Qh5 31. Be3 Rce8 32. Bd4 Kh8 33. Ne3 Nh6 34. Bd3 Rxe3 35. Bxe3 Nf5 36. Bxf5 Qxf5 37. Bd4 Nh5 38. Qg5 Qf7 39. Be5 Bc6 40. Rd8 Be8 41. Re1 Kh7 42. a4 g6 43. a5 Qb3 44. Qe7+ 1-0

[Event "Madrid-chT Honor 2122"]
[Site "Madrid"]
[Date "2022.02.06"]
[Round "8.6"]
[White "Sanchez Millan, Eduardo"]
[Black "Martinez Aragon, Aitor"]
[Result "1-0"]
[WhiteElo "2029"]
[BlackElo "1996"]
[PlyCount "53"]
[EventDate "2021.11.27"]
[EventType "team-tourn"]
[EventRounds "14"]
[EventCountry "ESP"]
[SourceTitle "EXT 2024"]
[Source "ChessBase"]
[SourceDate "2023.10.10"]
[SourceVersion "1"]
[SourceVersionDate "2023.10.10"]
[SourceQuality "1"]
[WhiteTeam "Alcala de Henares"]
[BlackTeam "Tajamar"]
[WhiteTeamCountry "ESP"]
[BlackTeamCountry "ESP"]

1. d4 Nf6 2. c4 e6 3. Nc3 Bb4 4. Qc2 b6 5. a3 Bxc3+ 6. Qxc3 Bb7 7. f3 d5 8. Nh3 Nbd7 9. Bg5 h6 10. Bh4 0-0 11. cxd5 exd5 12. g4 c5 13. g5 Ne8 14. Rg1 Nd6 15. Bf2 h5 16. Nf4 g6 17. Bh3 c4 18. Qc2 Kg7 19. Be6 Qe7 20. Bxd5 Rac8 21. Bxb7 Nxb7 22. e4 b5 23. Qc3 Kg8 24. Nd5 Qe6 25. Qb4 Rfe8 26. Qxb5 Nd6 27. Qxd7 1-0

[Event "Madrid-chT Honor 2122"]
[Site "Madrid"]
[Date "2021.12.19"]
[Round "3.6"]
[White "Martinez Aragon, Aitor"]
[Black "Rebollo Palos, Isaac"]
[Result "1/2-1/2"]
[WhiteElo "2008"]
[BlackElo "1942"]
[PlyCount "68"]
[EventDate "2021.11.27"]
[EventType "team-tourn"]
[EventRounds "14"]
[EventCountry "ESP"]
[SourceTitle "EXT 2024"]
[Source "ChessBase"]
[SourceDate "2023.10.10"]
[SourceVersion "1"]
[SourceVersionDate "2023.10.10"]
[SourceQuality "1"]
[WhiteTeam "Tajamar"]
[BlackTeam "La Didactica"]
[WhiteTeamCountry "ESP"]
[BlackTeamCountry "ESP"]

1. Nf3 d5 2. b3 Nf6 3. Bb2 c5 4. e3 Nc6 5. Bb5 Bd7 6. 0-0 e6 7. Bxc6 Bxc6 8. Ne5 Rc8 9. d3 Be7 10. Nd2 0-0 11. Nxc6 Rxc6 12. f4 b5 13. Nf3 Rc8 14. Qe2 c4 15. Bd4 Bc5 16. Bxc5 Rxc5 17. b4 Rc7 18. Nd4 Qd7 19. Rfb1 Ne8 20. a4 a6 21. axb5 axb5 22. Ra6 Rb7 23. Rba1 Nd6 24. Qe1 f6 25. Ra8 Rfb8 26. Qg3 Nf5 27. Nxf5 exf5 28. Qf3 h6 29. h3 Kh7 30. Kh2 cxd3 31. cxd3 Rxa8 32. Rxa8 Qe6 33. Rd8 Rd7 34. Rxd7 Qxd7 1/2-1/2

[Event "Madrid-chT Honor 2122"]
[Site "Madrid"]
[Date "2021.12.12"]
[Round "2.6"]
[White "Rey Martinez, Jaime"]
[Black "Martinez Aragon, Aitor"]
[Result "1/2-1/2"]
[WhiteElo "2042"]
[BlackElo "2008"]
[PlyCount "124"]
[EventDate "2021.11.27"]
[EventType "team-tourn"]
[EventRounds "14"]
[EventCountry "ESP"]
[SourceTitle "EXT 2024"]
[Source "ChessBase"]
[SourceDate "2023.10.10"]
[SourceVersion "1"]
[SourceVersionDate "2023.10.10"]
[SourceQuality "1"]
[WhiteTeam "Virgen de Atocha"]
[BlackTeam "Tajamar"]
[WhiteTeamCountry "ESP"]
[BlackTeamCountry "ESP"]

1. e4 c5 2. Nf3 Nc6 3. c3 Nf6 4. e5 Nd5 5. d4 cxd4 6. cxd4 d6 7. Bc4 Nb6 8. Bb3 dxe5 9. d5 Na5 10. Ba4+ Nxa4 11. Qxa4+ Bd7 12. Qe4 Rc8 13. 0-0 g6 14. Qxe5 f6 15. Qe2 Bg7 16. Nbd2 b6 17. Re1 Kf7 18. Nd4 Re8 19. b3 Nb7 20. Ba3 Nc5 21. Ne4 Kg8 22. Rad1 Rc7 23. Rc1 Qc8 24. Nxc5 bxc5 25. Qc4 Kh8 26. Bxc5 a5 27. a3 Bf8 28. b4 Qa8 29. Rcd1 Rec8 30. Ne6 Bxe6 31. dxe6 Bh6 32. h3 axb4 33. axb4 Qa4 34. Qd3 Bf4 35. Qf3 Be5 36. Qe3 g5 37. Qf3 Qe8 38. Qf5 Bc3 39. Re3 Qa4 40. Rd7 Bxb4 41. Bd4 Rc1+ 42. Kh2 Rf8 43. Qxg5 Bd6+ 44. Rxd6 Qxd4 45. Rxd4 fxg5 46. Rd7 Re8 47. Kg3 Rc4 48. Re5 h6 49. Rb7 Rf4 50. f3 Kg7 51. Rbb5 Kf6 52. Re2 Ra8 53. Rc5 Ra6 54. Rc8 Rd4 55. Rf8+ Kg6 56. Rg8+ Kf6 57. Rf8+ Kg6 58. Re8 Kf6 59. Re3 Rdd6 60. Rf8+ Kg6 61. Re8 Kf6 62. Rh8 Kg7 1/2-1/2

[Event "ESP-chT Rapid"]
[Site "Ciudad Real"]
[Date "2021.10.09"]
[Round "5.6"]
[White "Anton Quevedo, Andrea"]
[Black "Martinez Aragon, Aitor"]
[Result "0-1"]
[WhiteElo "1898"]
[BlackElo "2008"]
[PlyCount "150"]
[EventDate "2021.10.09"]
[EventType "team-swiss (rapid)"]
[EventRounds "9"]
[EventCountry "ESP"]
[SourceTitle "CBM 204 Extra"]
[Source "ChessBase"]
[SourceDate "2021.11.30"]
[SourceVersion "1"]
[SourceVersionDate "2021.11.30"]
[SourceQuality "1"]
[WhiteTeam "San Sebastian de los Reyes"]
[BlackTeam "Tajamar"]
[WhiteTeamCountry "ESP"]
[BlackTeamCountry "ESP"]

1. e4 c5 2. Nf3 e6 3. d4 cxd4 4. Nxd4 Nc6 5. Nc3 Qc7 6. Be3 a6 7. Be2 Nf6 8. 0-0 Bb4 9. Bf3 Ne5 10. Nce2 0-0 11. Bf4 Be7 12. Kh1 d6 13. Bg3 b5 14. Nf4 Nxf3 15. Nxf3 Nxe4 16. Qd3 Bb7 17. Rae1 Nxg3+ 18. fxg3 Qc4 19. Qd2 Rac8 20. Nd4 Bg5 21. b3 Qc3 22. Qxc3 Rxc3 23. Nfxe6 Bd2 24. Nxf8 Bxe1 25. Rxe1 Kxf8 26. Kg1 g6 27. Kf2 Rc8 28. Re2 Re8 29. Rxe8+ Kxe8 30. Nf3 Be4 31. c3 Bb1 32. a3 Bc2 33. b4 Be4 34. Ng5 Bf5 35. Nxh7 Kd7 36. Ng5 f6 37. Nf3 Be4 38. h3 Kc6 39. Ke3 Kd5 40. Nd2 Bxg2 41. h4 Bh3 42. Kf4 Bf5 43. g4 Bd3 44. h5 gxh5 45. gxh5 Bc2 46. h6 Bg6 47. Kg4 Ke6 48. Kf4 Kd5 49. Ke3 Ke5 50. c4 Kf5 51. cxb5 axb5 52. Kd4 Kg5 53. Kd5 Kxh6 54. Kxd6 Kg5 55. Ke6 f5 56. Ke5 f4 57. Kd4 Kg4 58. Nb3 f3 59. Ke3 Kg3 60. Nd2 f2 61. Nf1+ Kg2 62. Nd2 Bh5 63. Kd4 Be2 64. Kc3 Kh3 65. Kb3 Kg4 66. Kc3 Kf4 67. Kd4 Bc4 68. a4 Be2 69. axb5 Bxb5 70. Kc3 Ke3 71. Kc2 Ke2 72. Kc3 Ba4 73. b5 Bxb5 74. Kc2 Bc6 75. Kc1 Ba4 0-1

[Event "Madrid-chT 2021"]
[Site "Madrid"]
[Date "2021.03.14"]
[Round "4.5"]
[White "Martinez Aragon, Aitor"]
[Black "Suarez Uriel, Adrian"]
[Result "0-1"]
[WhiteElo "2049"]
[BlackElo "2376"]
[PlyCount "78"]
[EventDate "2021.01.23"]
[EventType "team-tourn"]
[EventRounds "14"]
[EventCountry "ESP"]
[SourceTitle "EXT 2022"]
[Source "ChessBase"]
[SourceDate "2021.10.06"]
[SourceVersion "1"]
[SourceVersionDate "2021.10.06"]
[SourceQuality "1"]
[WhiteTeam "Tajamar"]
[BlackTeam "Collado Villalba"]
[WhiteTeamCountry "ESP"]
[BlackTeamCountry "ESP"]

1. e4 c5 2. Nf3 Nc6 3. d4 cxd4 4. Nxd4 Nf6 5. Nc3 e5 6. Ndb5 d6 7. a4 Be6 8. Bg5 a6 9. Na3 Be7 10. Bxf6 Bxf6 11. Bc4 0-0 12. 0-0 Rc8 13. Nd5 Bg5 14. c3 Kh8 15. Kh1 Bh6 16. Qe2 Nb8 17. Rad1 Nd7 18. Bb3 Rc5 19. Ba2 Rc6 20. Nc4 Nc5 21. a5 Qh4 22. Rde1 Qxe4 23. Qxe4 Nxe4 24. Nxe5 Nxf2+ 25. Rxf2 dxe5 26. Rxe5 Rd8 27. Rfe2 g6 28. Kg1 Bf8 29. c4 Bc5+ 30. Kf1 Kg7 31. g3 Bg4 32. Re1 Bd4 33. Re7 Rxd5 34. cxd5 Rf6+ 35. Kg2 Rf2+ 36. Kg1 Rxb2+ 37. R1e3 Rxa2 38. R7e4 Bxe3+ 39. Rxe3 Rxa5 0-1

[Event "Madrid-chT 1920 Honor"]
[Site "Madrid"]
[Date "2020.03.01"]
[Round "11.5"]
[White "Martinez Aragon, Aitor"]
[Black "Alfaya Marcelo, Roberto"]
[Result "0-1"]
[WhiteElo "2071"]
[BlackElo "2144"]
[PlyCount "82"]
[EventDate "2019.11.24"]
[EventType "team-tourn"]
[EventRounds "12"]
[EventCountry "ESP"]
[SourceTitle "EXT 2021"]
[Source "ChessBase"]
[SourceDate "2020.10.23"]
[SourceVersion "1"]
[SourceVersionDate "2020.10.23"]
[SourceQuality "1"]
[WhiteTeam "Tajamar"]
[BlackTeam "San Sebastian de los Reyes"]
[WhiteTeamCountry "ESP"]
[BlackTeamCountry "ESP"]

1. Nf3 Nf6 2. b3 g6 3. Bb2 Bg7 4. g3 0-0 5. Bg2 d5 6. c4 c6 7. 0-0 Bf5 8. d3 Qc8 9. Re1 Bh3 10. Bh1 Rd8 11. Nbd2 Qf5 12. Qc2 dxc4 13. Nxc4 Na6 14. a3 Qh5 15. b4 Rac8 16. Bc3 b5 17. Ncd2 c5 18. Qb2 cxb4 19. axb4 Rxc3 20. Rxa6 Nd5 21. d4 Rdc8 22. Rxa7 Rc2 23. Qb3 Rxd2 24. Nxd2 Bxd4 25. Bxd5 Qxe2 26. Qd1 Bxf2+ 27. Kh1 Qxd1 28. Rxd1 Bxa7 29. Ne4 Bg4 30. Rf1 Kh8 31. Bxf7 Rc1 32. Kg2 Bh3+ 33. Kxh3 Rxf1 34. Be8 Rb1 35. Bxb5 Rxb4 36. Bc6 Rb2 37. Ng5 Kg7 38. Nf3 Be3 39. Kh4 Kf6 40. h3 Rb4+ 41. g4 Bf2# 0-1

[Event "Madrid-chT 1920 Honor"]
[Site "Madrid"]
[Date "2020.02.16"]
[Round "9.5"]
[White "Martinez Aragon, Aitor"]
[Black "Espinar Cabello, Sergio"]
[Result "1/2-1/2"]
[WhiteElo "2060"]
[BlackElo "1830"]
[PlyCount "80"]
[EventDate "2019.11.24"]
[EventType "team-tourn"]
[EventRounds "12"]
[EventCountry "ESP"]
[SourceTitle "EXT 2021"]
[Source "ChessBase"]
[SourceDate "2020.10.23"]
[SourceVersion "1"]
[SourceVersionDate "2020.10.23"]
[SourceQuality "1"]
[WhiteTeam "Tajamar"]
[BlackTeam "Blanco y Negro"]
[WhiteTeamCountry "ESP"]
[BlackTeamCountry "ESP"]

1. e4 e5 2. Nf3 Nc6 3. d4 exd4 4. Nxd4 Bc5 5. Be3 Qf6 6. c3 d6 7. Bb5 Bd7 8. 0-0 Nge7 9. a4 a6 10. Be2 0-0 11. Na3 Ng6 12. Nc4 Nf4 13. Bf3 Ne5 14. Nxe5 Qxe5 15. Qd2 Ng6 16. Rfe1 Rfe8 17. Be2 Nh4 18. f3 Ng6 19. Bc4 Be6 20. Bd3 Qh5 21. Bf1 Ne5 22. a5 Nc4 23. Bxc4 Bxc4 24. Nf5 Bxe3+ 25. Nxe3 Qb5 26. Qd4 Be6 27. b4 Qe5 28. Rad1 Rad8 29. Rd2 f6 30. Rc1 Qb5 31. Nd5 Bxd5 32. Qxd5+ Qxd5 33. Rxd5 Re5 34. Rcd1 Rde8 35. c4 Kf7 36. Kf2 R8e7 37. Rb1 Ke6 38. Rbd1 Kf7 39. Rb1 Ke6 40. Rbd1 Kf7 1/2-1/2

[Event "Madrid Chamartin op 8th"]
[Site "Madrid"]
[Date "2019.09.10"]
[Round "3"]
[White "Fernandez Rosado, Roberto"]
[Black "Martinez Aragon, Aitor"]
[Result "0-1"]
[WhiteElo "1660"]
[BlackElo "1998"]
[PlyCount "78"]
[EventDate "2019.09.09"]
[EventType "swiss"]
[EventRounds "9"]
[EventCountry "ESP"]
[SourceTitle "CBM 192 Extra"]
[Source "Chessbase"]
[SourceDate "2019.11.06"]
[SourceVersion "1"]
[SourceVersionDate "2019.11.06"]
[SourceQuality "1"]

1. e4 c5 2. Nf3 e6 3. d4 cxd4 4. Nxd4 Nc6 5. Be3 Qc7 6. Nc3 a6 7. Be2 Nf6 8. 0-0 Be7 9. a4 0-0 10. Qd2 d6 11. Rad1 Nxd4 12. Bxd4 e5 13. Be3 Be6 14. f4 exf4 15. Bxf4 Rfd8 16. Kh1 Rac8 17. Bd3 Ng4 18. Nd5 Bxd5 19. exd5 Ne5 20. Bxe5 dxe5 21. Qe2 g6 22. Qg4 Bf8 23. c4 Bg7 24. b4 f5 25. Qh4 e4 26. Be2 b6 27. Qg5 Qd6 28. Rb1 Bc3 29. Rxf5 Bxb4 30. Rf6 Qe7 31. h4 Rb8 32. Bg4 Rf8 33. Be6+ Kg7 34. Rxf8 Rxf8 35. Qe5+ Rf6 36. Qxe4 Qd6 37. Qd4 Bc5 38. Qc3 Qf4 39. a5 Bd6 0-1

[Event "Madrid-ch final"]
[Site "Madrid"]
[Date "2019.05.31"]
[Round "7"]
[White "Martinez Aragon, Aitor"]
[Black "Gonzalez Rivera, Eduardo"]
[Result "0-1"]
[WhiteElo "2038"]
[BlackElo "1998"]
[PlyCount "70"]
[EventDate "2019.05.25"]
[EventType "swiss"]
[EventRounds "7"]
[EventCountry "ESP"]
[SourceTitle "CBM 190 Extra"]
[Source "ChessBase"]
[SourceDate "2019.07.15"]
[SourceVersion "1"]
[SourceVersionDate "2019.07.15"]
[SourceQuality "1"]

1. e4 e5 2. Nf3 Nc6 3. Bc4 Nf6 4. d3 Bc5 5. c3 d6 6. Bb3 Bb6 7. 0-0 h6 8. Nbd2 g5 9. Nc4 0-0 10. h3 Ne7 11. Be3 Ng6 12. Re1 Kg7 13. d4 Qe7 14. dxe5 dxe5 15. Bxb6 axb6 16. Ne3 Rd8 17. Qe2 Nf4 18. Qc2 Nh7 19. Rad1 Rxd1 20. Rxd1 h5 21. Nh2 Nf6 22. Nhf1 Ng8 23. Ng3 Nh6 24. Ngf5+ Nxf5 25. exf5 Qf6 26. Kh2 g4 27. Qe4 Kh7 28. hxg4 hxg4 29. g3 Qh6+ 30. Kg1 Qc6 31. Qxc6 Nh3+ 32. Kg2 bxc6 33. Nxg4 Ng5 34. Rd8 c5 35. Kf1 Ba6+ 0-1

[Event "Madrid-ch final"]
[Site "Madrid"]
[Date "2019.05.30"]
[Round "6"]
[White "Gueler Berdasco, Martin"]
[Black "Martinez Aragon, Aitor"]
[Result "0-1"]
[WhiteElo "1917"]
[BlackElo "2038"]
[PlyCount "78"]
[EventDate "2019.05.25"]
[EventType "swiss"]
[EventRounds "7"]
[EventCountry "ESP"]
[SourceTitle "CBM 190 Extra"]
[Source "ChessBase"]
[SourceDate "2019.07.15"]
[SourceVersion "1"]
[SourceVersionDate "2019.07.15"]
[SourceQuality "1"]

1. c4 e5 2. g3 f5 3. Bg2 Nc6 4. Nc3 Nf6 5. Nd5 g6 6. e3 Bg7 7. Ne2 Nxd5 8. cxd5 Ne7 9. d3 0-0 10. 0-0 d6 11. Bd2 c6 12. Nc3 cxd5 13. Nxd5 Be6 14. Nxe7+ Qxe7 15. Qa4 Rfd8 16. Rac1 Qd7 17. Qa5 b6 18. Qa6 d5 19. Rc2 Rac8 20. Rfc1 Rxc2 21. Rxc2 Bf8 22. d4 e4 23. Bf1 g5 24. a4 Bd6 25. a5 Rb8 26. Bb5 Qe7 27. Bc6 f4 28. exf4 gxf4 29. Qe2 Qg5 30. a6 e3 31. Be1 exf2+ 32. Bxf2 Bg4 33. Bxd5+ Kh8 34. Bf3 fxg3 35. Bxg3 Bf5 36. Qg2 Bxg3 37. Rc3 Bxh2+ 38. Kxh2 Qh4+ 39. Kg1 Rg8 0-1

[Event "Madrid-ch final"]
[Site "Madrid"]
[Date "2019.05.25"]
[Round "1"]
[White "Martin Duque, Jesus"]
[Black "Martinez Aragon, Aitor"]
[Result "1/2-1/2"]
[WhiteElo "2372"]
[BlackElo "2038"]
[PlyCount "164"]
[EventDate "2019.05.25"]
[EventType "swiss"]
[EventRounds "7"]
[EventCountry "ESP"]
[SourceTitle "CBM 190 Extra"]
[Source "ChessBase"]
[SourceDate "2019.07.15"]
[SourceVersion "1"]
[SourceVersionDate "2019.07.15"]
[SourceQuality "1"]

1. e4 c5 2. Nf3 e6 3. d4 cxd4 4. Nxd4 Nc6 5. Nc3 Qc7 6. Be3 a6 7. Qf3 Nf6 8. 0-0-0 d6 9. Qg3 Nxd4 10. Bxd4 e5 11. Be3 Be6 12. Bg5 Be7 13. Bxf6 Bxf6 14. Nd5 Bxd5 15. Rxd5 0-0 16. Be2 Be7 17. Qd3 Qc8 18. Qb3 Kh8 19. Rf1 Qc6 20. Bg4 g6 21. Rfd1 b5 22. Kb1 Ra7 23. R1d3 Rc7 24. Rc3 Qb6 25. Rxc7 Qxc7 26. Qe3 f5 27. exf5 Qc4 28. Qf3 gxf5 29. Bh3 e4 30. Qd1 f4 31. Rd4 Qc6 32. Qh5 Bf6 33. Bf5 Qc7 34. Rxe4 Be5 35. c3 Qf7 36. Qxf7 Rxf7 37. Bc8 Ra7 38. g3 fxg3 39. hxg3 Ra8 40. Bb7 Ra7 41. Bd5 Kg7 42. f4 Bf6 43. Re8 Re7 44. Rg8+ Kh6 45. g4 Bg7 46. Ra8 Re1+ 47. Kc2 Rf1 48. g5+ Kg6 49. Be4+ Kh5 50. Rxa6 Rxf4 51. Bxh7 b4 52. cxb4 Rxb4 53. b3 Be5 54. g6 Rg4 55. Ra5 Kh6 56. Kd3 Rb4 57. Ra4 Rb5 58. Ke4 Bc3 59. Ra6 d5+ 60. Kd3 d4 61. Bg8 Rg5 62. Bf7 Rg2 63. Ra8 Kg7 64. a4 Rb2 65. a5 Rd2+ 66. Kc4 Bb2 67. a6 Rc2+ 68. Kd3 Rc3+ 69. Kd2 Bc1+ 70. Kd1 d3 71. Bc4 Be3 72. Bxd3 Rxd3+ 73. Ke2 Rxb3 74. Re8 Bd4 75. Re4 Bf6 76. Ra4 Rb8 77. Kd3 Kxg6 78. Kc4 Bg5 79. Kd5 Be3 80. Kc6 Kf5 81. a7 Bxa7 82. Rxa7 Re8 1/2-1/2

[Event "Madrid-ch sf"]
[Site "Madrid"]
[Date "2019.05.11"]
[Round "6"]
[White "Moreno Uribarri, Miguel"]
[Black "Martinez Aragon, Aitor"]
[Result "0-1"]
[WhiteElo "1674"]
[BlackElo "2038"]
[PlyCount "72"]
[EventDate "2019.05.06"]
[EventType "swiss"]
[EventRounds "9"]
[EventCountry "ESP"]
[SourceTitle "CBM 190 Extra"]
[Source "ChessBase"]
[SourceDate "2019.07.15"]
[SourceVersion "1"]
[SourceVersionDate "2019.07.15"]
[SourceQuality "1"]

1. e4 c5 2. Nf3 e6 3. d4 cxd4 4. Nxd4 a6 5. Nc3 Qc7 6. Be2 Nf6 7. 0-0 d6 8. Be3 Be7 9. f4 0-0 10. Bf3 Nc6 11. Kh1 Nxd4 12. Bxd4 e5 13. Be3 exf4 14. Bxf4 Be6 15. Qe1 Nd7 16. Qg3 Ne5 17. Be2 Ng6 18. Bd2 b5 19. a3 Rac8 20. Bd3 Qc5 21. Rf5 Qc6 22. Rh5 Bf6 23. Rf1 Be5 24. Qf3 Qd7 25. Be2 Rc6 26. h3 Bc4 27. Bxc4 Rxc4 28. Qd3 Qe6 29. Rhf5 Bxc3 30. Bxc3 Rxe4 31. Bb4 Ne7 32. Qxd6 Qxd6 33. Bxd6 Nxf5 34. Bxf8 Ng3+ 35. Kg1 Nxf1 36. Kxf1 Kxf8 0-1

[Event "Madrid-ch sf"]
[Site "Madrid"]
[Date "2019.05.09"]
[Round "4"]
[White "Yanez Rodriguez, Wilbert"]
[Black "Martinez Aragon, Aitor"]
[Result "1-0"]
[WhiteElo "2217"]
[BlackElo "2038"]
[PlyCount "77"]
[EventDate "2019.05.06"]
[EventType "swiss"]
[EventRounds "9"]
[EventCountry "ESP"]
[SourceTitle "CBM 190 Extra"]
[Source "ChessBase"]
[SourceDate "2019.07.15"]
[SourceVersion "1"]
[SourceVersionDate "2019.07.15"]
[SourceQuality "1"]

1. c4 e5 2. g3 g6 3. Nc3 Nf6 4. Bg2 Bg7 5. Nf3 Nc6 6. 0-0 0-0 7. d4 exd4 8. Nxd4 Nxd4 9. Qxd4 d6 10. Qh4 Ng4 11. Qxd8 Rxd8 12. Bg5 Bf6 13. Bxf6 Nxf6 14. Rfd1 Be6 15. b3 c6 16. Rd2 Rd7 17. Rad1 Rad8 18. e4 Kf8 19. h3 h5 20. f4 Ng8 21. Kh2 f5 22. Re1 Kf7 23. exf5 Bxf5 24. Ne4 Bxe4 25. Rxe4 Nf6 26. Red4 Ke6 27. Bf3 Kf5 28. Re2 Rh7 29. c5 Ne8 30. g4+ Kf6 31. g5+ Kf7 32. Be4 Rg7 33. h4 d5 34. Bd3 Nc7 35. f5 gxf5 36. Bxf5 Rgg8 37. Rf4 Rgf8 38. Bh7+ Kg7 39. Re7+ 1-0

[Event "Madrid-ch sf"]
[Site "Madrid"]
[Date "2019.05.08"]
[Round "3"]
[White "Martinez Aragon, Aitor"]
[Black "De Luna Butz, Alberto"]
[Result "1-0"]
[WhiteElo "2038"]
[BlackElo "1775"]
[PlyCount "79"]
[EventDate "2019.05.06"]
[EventType "swiss"]
[EventRounds "9"]
[EventCountry "ESP"]
[SourceTitle "CBM 190 Extra"]
[Source "ChessBase"]
[SourceDate "2019.07.15"]
[SourceVersion "1"]
[SourceVersionDate "2019.07.15"]
[SourceQuality "1"]

1. e4 d5 2. exd5 Qxd5 3. Nc3 Qd8 4. d4 Nf6 5. Nf3 Bg4 6. Be3 e6 7. Be2 c6 8. h3 Bxf3 9. Bxf3 Bd6 10. 0-0 Qc7 11. Ne4 Nxe4 12. Bxe4 Nd7 13. c4 Nf6 14. Bf3 0-0 15. Qc2 Bh2+ 16. Kh1 Bf4 17. Bxf4 Qxf4 18. Qc3 Rfd8 19. Rad1 Rd7 20. g3 Qc7 21. Rd2 a5 22. Rfd1 Rad8 23. Bg2 h6 24. f4 b6 25. Kh2 c5 26. dxc5 Qxc5 27. Rxd7 Rxd7 28. Rxd7 Nxd7 29. a3 e5 30. b4 axb4 31. axb4 Qd6 32. fxe5 Qxe5 33. Qd2 Qc7 34. Qd4 Kf8 35. Bf3 f6 36. h4 Ke7 37. Qg4 Kf8 38. Qe6 Qa7 39. Bh5 Ne5 40. Qe8# 1-0

[Event "Madrid-ch U16"]
[Site "Madrid"]
[Date "2019.04.06"]
[Round "5"]
[White "Martinez Aragon, Aitor"]
[Black "Quispe Arteaga, Gabriel"]
[Result "0-1"]
[WhiteElo "2018"]
[BlackElo "2360"]
[PlyCount "80"]
[EventDate "2019.03.30"]
[EventType "swiss"]
[EventRounds "6"]
[EventCountry "ESP"]
[SourceTitle "EXT 2021"]
[Source "ChessBase"]
[SourceDate "2020.10.23"]
[SourceVersion "1"]
[SourceVersionDate "2020.10.23"]
[SourceQuality "1"]

1. e4 c5 2. Nf3 Nc6 3. d4 cxd4 4. Nxd4 e6 5. Nc3 Qc7 6. g3 a6 7. Bg2 Nf6 8. 0-0 Bb4 9. Re1 d6 10. Nxc6 bxc6 11. e5 dxe5 12. Rxe5 Qxe5 13. Bxc6+ Ke7 14. Bf4 Qc5 15. Bxa8 Bxc3 16. bxc3 Bd7 17. Bg2 Bc6 18. Qd4 Qxd4 19. cxd4 Bxg2 20. Kxg2 Rc8 21. Rc1 Rc4 22. c3 Ne4 23. Kf3 f5 24. Ke2 Rxc3 25. Rxc3 Nxc3+ 26. Kd3 Nd5 27. Kc4 Kd7 28. Kc5 Nc3 29. Kb4 Nd5+ 30. Kc5 Nc3 31. Kb4 Nd1 32. Ka5 Nxf2 33. Kxa6 Kc6 34. a4 Nd3 35. Ka5 Nxf4 36. gxf4 g5 37. Kb4 g4 38. Kc4 h5 39. Kd3 h4 40. Ke3 Kb6 0-1

[Event "Madrid-ch U16"]
[Site "Madrid"]
[Date "2019.03.30"]
[Round "2"]
[White "Martinez Aragon, Aitor"]
[Black "Doval Mancheno, Pablo"]
[Result "1-0"]
[WhiteElo "2018"]
[BlackElo "1831"]
[PlyCount "47"]
[EventDate "2019.03.30"]
[EventType "swiss"]
[EventRounds "6"]
[EventCountry "ESP"]
[SourceTitle "EXT 2021"]
[Source "ChessBase"]
[SourceDate "2020.10.23"]
[SourceVersion "1"]
[SourceVersionDate "2020.10.23"]
[SourceQuality "1"]

1. e4 e5 2. Nf3 Nc6 3. d4 exd4 4. Nxd4 Nf6 5. Nxc6 bxc6 6. e5 Qe7 7. Qe2 Nd5 8. c4 Ba6 9. b3 g6 10. g3 Bg7 11. Bb2 0-0-0 12. Bg2 Nb6 13. 0-0 Rde8 14. Re1 d5 15. Na3 Nd7 16. Qe3 Qc5 17. Qf4 dxc4 18. e6 Bxb2 19. exd7+ Kxd7 20. Qxf7+ Kd8 21. Rad1+ Bd4 22. Rxe8+ Rxe8 23. Nc2 cxb3 24. Nxd4 1-0

[Event "Madrid Chamartin op 7th"]
[Site "Madrid"]
[Date "2018.09.09"]
[Round "9"]
[White "Ruiz Bellon, Manuel"]
[Black "Martinez Aragon, Aitor"]
[Result "1-0"]
[WhiteElo "1922"]
[BlackElo "2008"]
[PlyCount "75"]
[EventDate "2018.09.03"]
[EventType "swiss"]
[EventRounds "9"]
[EventCountry "ESP"]
[SourceTitle "CBM 187 Extra"]
[Source "ChessBase"]
[SourceDate "2018.11.04"]
[SourceVersion "1"]
[SourceVersionDate "2018.11.04"]
[SourceQuality "1"]

1. Nf3 d5 2. g3 Nf6 3. Bg2 Bf5 4. c4 c6 5. 0-0 e6 6. d3 Be7 7. cxd5 exd5 8. Nc3 0-0 9. Qb3 Na6 10. Nd4 Nc5 11. Qc2 Bg6 12. a3 a5 13. b3 Nfd7 14. Bb2 Qb6 15. e4 Bf6 16. Nce2 dxe4 17. dxe4 Rfe8 18. Nf4 Bxe4 19. Bxe4 Rxe4 20. b4 Bxd4 21. bxc5 Nxc5 22. Bxd4 Rxd4 23. Rfe1 Nb3 24. Qe2 h6 25. Ra2 Rad8 26. Qh5 Qc5 27. Re5 Qc1+ 28. Kg2 Nd2 29. Qe2 Qc4 30. Rxd2 Qxe2 31. Rdxe2 g5 32. Nh5 Ra4 33. R2e3 Rd6 34. Re7 Kh7 35. h3 Kg6 36. g4 b5 37. Rf3 Rdd4 38. Rf6+ 1-0

[Event "Madrid Chamartin op 7th"]
[Site "Madrid"]
[Date "2018.09.08"]
[Round "8"]
[White "Martinez Aragon, Aitor"]
[Black "Martin Duque, Jesus"]
[Result "0-1"]
[WhiteElo "2008"]
[BlackElo "2354"]
[PlyCount "82"]
[EventDate "2018.09.03"]
[EventType "swiss"]
[EventRounds "9"]
[EventCountry "ESP"]
[SourceTitle "CBM 187 Extra"]
[Source "ChessBase"]
[SourceDate "2018.11.04"]
[SourceVersion "1"]
[SourceVersionDate "2018.11.04"]
[SourceQuality "1"]

1. e4 c5 2. Nf3 e6 3. d4 cxd4 4. Nxd4 Nc6 5. Nc3 Qc7 6. Be3 a6 7. Be2 Nf6 8. 0-0 Be7 9. a4 0-0 10. Kh1 d6 11. f4 Re8 12. Bf3 Bd7 13. Qd2 Na5 14. Rae1 Nc4 15. Qe2 Nxe3 16. Qxe3 e5 17. Nf5 Bf8 18. g4 Bc6 19. Rg1 Nd7 20. g5 Nc5 21. b3 Ne6 22. Ne2 Kh8 23. h4 Qa5 24. Rd1 Rad8 25. c4 Qb4 26. h5 Nc5 27. g6 fxg6 28. hxg6 Qxb3 29. Qxb3 Nxb3 30. fxe5 dxe5 31. gxh7 Nd2 32. Bg2 Nxe4 33. Rxd8 Rxd8 34. Nfg3 Nf2+ 35. Kh2 Ng4+ 36. Kh3 Bxg2+ 37. Kxg2 Ne3+ 38. Kf3 Nxc4 39. Rh1 g6 40. Rh4 Nd2+ 41. Kg2 Rd7 0-1